Adams's outline of fractures, including joint injuries. (رقم التسجيلة. 24246)

تفاصيل مارك
000 -الفاتح
حقل البيانات ثابتة الطول 01556cam a22004218a 4500
001 - رقم الضبط
رقم الضبط 14444247
003 - محدد رقم الضبط
رقم الضبط OSt
005 - وقت وتاريخ اخر تعامل مع التسجيلة
رقم الضبط 20150408114046.0
008 - عناصر البيانات ثابتة الطول - معلومات عامة
حقل البيانات ثابتة الطول 120623s2007 stk f b 001 0 eng
010 ## - رقم ضبط مكتبة الكونجرس
رقم ضبط مكتبة الكونجرس 2006049073
020 ## - الرقم الدولى المعيارى للكتب
الرقم الدولى المعيارى للكتاب 9780443102974
020 ## - الرقم الدولى المعيارى للكتب
الرقم الدولى المعيارى للكتاب 9780443102981
035 ## - رقم ضبط النظام
رقم ضبط النظام (DNLM)101281977
040 ## - مصدر الفهرسة
وكالة الفهرسة الأصلية DNLM/DLC
وكالة النسخ DLC
042 ## - رمز التحقق
رمز التحقق pcc
050 00 - رقم طلب مكتبة الكونجرس
رقم المادة .A3 2007
060 10 - رقم الطلب بالمكتبة الطبية الوطنية
رقم المادة H199a 2007
082 00 - رقم تصنيف ديوى العشرى
رقم التصنيف 617.15 H D A
رقم الطبعة 22
100 1# - المدخل الرئيسى - إسم شخصى
الإسم الشخصى Hamblen, David L.
9 (RLIN) 16205
245 10 - بيان العنوان
العنوان Adams's outline of fractures, including joint injuries.
246 30 - العنوان الموازى
عنوان صحيح/عنوان مختصر Outline of fractures, including joint injuries
250 ## - بيان الطبعة
بيان الطبعة 12th ed. /
بقية بيان الطبعة David L. Hamblen, A. Hamish R.W. Simpson.
260 ## - PUBLICATION, DISTRIBUTION, ETC. (IMPRINT)
مكان الناشر او الموزع Edinburgh ;
-- New York :
اسم الناشر او الموزع Churchill Livingstone Elsevier,
تاريخ النشر أو التوزيع 2007.
263 ## - تاريخ النشر المتوقع
تاريخ النشر المتوقع 0702
300 ## - الوصف المادى
التعداد vi, 328 p. :
تفاصيل ماديه اخرى للوعاء ill. ;
أبعاد الوعاء 22 cm.
500 ## - تبصرة عامة
تبصرة عامة Rev. ed. of: Outline of fractures, including joint injuries / John Crawford Adams, David Hamblen. 11th ed. 1999.
504 ## - تبصرة ببليوجرافية
تبصرة ببليوجرافية,الخ Includes bibliographical references and index.
650 #4 - المدخل الاضافى بالموضوع-مصطلح موضوعى
مصطلح موضوعي أو اسم جغرافي كعنصر مدخل Fractures
التقسيم الفرعي الشكلي Outlines, syllabi, etc.
9 (RLIN) 16212
650 #4 - المدخل الاضافى بالموضوع-مصطلح موضوعى
مصطلح موضوعي أو اسم جغرافي كعنصر مدخل Joints
التقسيم الفرعي العام Wounds and injuries
التقسيم الفرعي الشكلي Outlines, syllabi, etc.
9 (RLIN) 16213
650 #4 - المدخل الاضافى بالموضوع-مصطلح موضوعى
مصطلح موضوعي أو اسم جغرافي كعنصر مدخل Fractures, Bone.
9 (RLIN) 16214
650 #4 - المدخل الاضافى بالموضوع-مصطلح موضوعى
مصطلح موضوعي أو اسم جغرافي كعنصر مدخل Joints
التقسيم الفرعي العام injuries.
9 (RLIN) 16215
700 1# - المدخل الاضافى - اسم شخصى
الإسم الشخصى Simpson, A. Hamish R. W.
9 (RLIN) 16206
700 1# - المدخل الاضافى - اسم شخصى
الإسم الشخصى Adams, John Crawford.
9 (RLIN) 16208
700 1# - المدخل الاضافى - اسم شخصى
الإسم الشخصى Adams, John Crawford.
عنوان العمل Outline of fractures, including joint injuries.
9 (RLIN) 16216
906 ## - عنصر بيانات محلى F, LDF (RLIN)
a 7
b cbc
c orignew
d 1
e ocip
f 20
g y-gencatlg
942 ## - عناصر المدخل الإضافي( كوها)
مصدر التصنيف او مخطط الترفيف Dewey Decimal Classification
Koha [default] item type DVD
المقتنيات
حالة الفقد نموذج السعر الفعال حالة تلف ليس للاعارة رقم الطلب رقم النسخة تاريخ الاكتساب الموقع الحالي الباركود الفرع الرئيسي Date last checked out Date last seen نوع المادة فى نظام كوها مصدر التصنيف او خطة الترفيف Total Checkouts
  2013-03-10     617.15 H D A C.1 2012-06-23 المكتبة المركزية بالمجمعة (CL) 00109519 المكتبة المركزية بالمجمعة (CL) 2014-02-03 2016-10-03 كتاب Dewey Decimal Classification 1
  2013-03-10     617.15 H D A C.2 2012-06-23 المكتبة المركزية بالمجمعة (CL) 00109518 المكتبة المركزية بالمجمعة (CL)   2013-03-10 كتاب Dewey Decimal Classification  
  2013-03-10     617.15 H D A C.3 2012-06-23 المكتبة المركزية بالمجمعة (CL) 00109517 المكتبة المركزية بالمجمعة (CL)   2013-03-10 كتاب Dewey Decimal Classification